000 01060nam1a2200289 i 4500
001 RU\NLR\bibl\1404138
005 20241215024306.0
010 _a978-5-8159-0845-1
035 _a(NLR Aleph) 001396137
090 _a1193144
_c1193144
100 _a20090826g2009 u y0rusy50 ca
101 1 _arus
_cund
102 _aRU
105 _ay |||||||||
200 1 _aНаполеон
_eроман-биография
_eв 2 кн.
_fМакс Галло
_g[пер.: Сергей Струков]
210 _aМосква
_cЗахаров
_d2009
215 _d21
463 0 _10011357676
463 0 _10011355515
600 0 _aНаполеон
_cимператор французский
_dI
_f1769 - 1821
_xв художественной литературе
_91493717
_3RU\NLR\auth\66644089
686 _aШ6(4Фр)67-442{Лх1649-51}
700 1 _4070
_7ca
_8rus
_aГалло
_bМ.
_f1932-2017
_gМакс
_9162618
_3RU\NLR\AUTH\770162662
801 0 _aRU
_bNLR
_c20090826
_gRCR
801 1 _aRU
_bNLR
_c20090826
852 _aNLR
_j2009-3/11851
942 _cBOOK